Southville International School and Colleges
Your cart is empty.
  • Cart
  • Lists
    Public lists Eva Luna New books Lux_list list_1
    Your lists Log in to create your own lists
  • Log in to your account
  • Your cookies
  • Search history
Southville International School and Colleges
  • Advanced search
  • Recent comments
  • Most popular
  • Libraries

Log in to your account

Log in with GOOGLE


If you do not have an external account, but do have a local account, you can still log in:

  1. Home
  2. MARC view: Physical chemistry /
Normal view MARC view ISBD view

Physical chemistry / (Record no. 21954)

[ view plain ]
MARC details
000 -LEADER
fixed length control field 00500nam a2200181 a 4500
005 - DATE AND TIME OF LATEST TRANSACTION
control field 20140310183347.0
008 - FIXED-LENGTH DATA ELEMENTS--GENERAL INFORMATION
fixed length control field 070212s19uu xx 00 eng d
020 ## - INTERNATIONAL STANDARD BOOK NUMBER
International Standard Book Number 0071232133
050 ## - LIBRARY OF CONGRESS CALL NUMBER
Classification number QD 453.3
Item number .L48 2003
100 ## - MAIN ENTRY--PERSONAL NAME
Personal name Levine, Ira N.
245 ## - TITLE STATEMENT
Title Physical chemistry /
Statement of responsibility, etc Ira N. Levine.
250 ## - EDITION STATEMENT
Edition statement 5th ed.
260 ## - PUBLICATION, DISTRIBUTION, ETC. (IMPRINT)
Place of publication, distribution, etc Boston :
Name of publisher, distributor, etc McGraw-Hill,
Date of publication, distribution, etc 2003.
300 ## - PHYSICAL DESCRIPTION
Extent 986 p. :
Other physical details ill. ;
Dimensions 26 cm.
650 ## - SUBJECT ADDED ENTRY--TOPICAL TERM
Topical term or geographic name as entry element Chemistry, Physical and theoretical.
942 ## - ADDED ENTRY ELEMENTS (KOHA)
Koha item type Books
Source of classification or shelving scheme Library of Congress Classification
Call number prefix Foreign
Holdings
Withdrawn status Lost status Source of classification or shelving scheme Damaged status Home library Current library Shelving location Date acquired Total Checkouts Full call number Barcode Date last seen Copy number Price effective from Koha item type
    Library of Congress Classification   College Library College Library General Circulation Section 02/12/2007   QD 453.3 .L48 2003 C8232 05/15/2018 1 03/10/2014 Books

Physical chemistry /

APA

Levine I. N., . (2003). Physical chemistry. Boston: McGraw-Hill.

Chicago

Levine Ira N, . 2003. Physical chemistry. Boston: McGraw-Hill.

Harvard

Levine I. N., . (2003). Physical chemistry. Boston: McGraw-Hill.

MLA

Levine Ira N, . Physical chemistry. Boston: McGraw-Hill. 2003.

  • Place hold
  • Print
  • Cite
  • Add to your cart (remove)
  • Save record
    BIBTEX Dublin Core MARCXML MARC (non-Unicode/MARC-8) MARC (Unicode/UTF-8) MARC (Unicode/UTF-8, Standard) MODS (XML) RIS
  • More searches
    Search for this title in:
    Other Libraries (WorldCat) Other Databases (Google Scholar) Online Stores (Bookfinder.com) Open Library (openlibrary.org)

Exporting to Dublin Core...

SOUTHVILLE LIBRARY

Southville International School and Colleges Library

1281 Tropical Ave. Cor. Luxembourg St., BF Homes International, Las Pinas City

Tel. No. 8256374 / 252358 Loc. 117/146

Powered by Koha